000 00891nam a2200217 a 4500
001 78872
003 BD-RjUL
005 20211209083201.0
008 211123s2020 bg ||||| |||| 00| 0 ben d
020 _a9789849257691
_c: Tk. 300.00
035 _a(BD-RjUL)79099
040 _aBD-RjUL
_beng
_cBD-RjUL
041 _aben
082 _223
_a954.9205092
_bAHB 2020
100 _aআহমেদ, তোফায়েল
_9250426
245 _aবঙ্গবন্ধুর চেতনা ও আজকের বাংলাদেশ /
_cতোফায়েল আহমেদ ; সংকলন দিন ইসলাম রুবেল
600 _aমুজিবুর রহমান ,
_cশেখ,
_d১৯২০-১৯৭৫
_9250433
600 _aMujibur Rahman,
_cSheikh,
_d1920-1975
_9250434
700 _aরুবেল, দিন ইসলাম
_9250435
942 _2ddc
_cBK
999 _c78872
_d78872